Conquistador, Footballer. Painter, or Island - A Spain Click Quiz - Statistics

General Stats
  • This quiz has been taken 96 times
  • The average score is 24 of 32
Answer Stats
Hint Answer % Correct
Pablo Picasso Painter
97%
Ibiza Island
97%
Sergio Ramos Footballer
95%
Majorca Island
95%
La Palma Island
94%
Menorca Island
93%
Iker Casillas Footballer
92%
Xavi Footballer
91%
Tenerife Island
91%
Andrés Iniesta Footballer
90%
Carles Puyol Footballer
89%
Sergio Busquets Footballer
89%
Salvador Dali Painter
89%
Hernán Cortés Conquistador
87%
Raúl Footballer
87%
Gerard Piqué Footballer
86%
Francisco Goya Painter
84%
Lanzarote Island
77%
La Gomera Island
77%
Vasco Núñez de Balboa Conquistador
72%
Joan Miró Painter
70%
Francisco Pizarro Conquistador
66%
Francisco de Orellana Conquistador
64%
Diego de Almagro Conquistador
63%
El Greco Painter
63%
Gonzalo de Sandoval Conquistador
61%
Pedro de Alvarado Conquistador
59%
El Hierro Island
49%
Lope de Aquirre Conquistador
48%
Joaquin Sorolla Painter
45%
Diego Velázquez Painter
40%
Francisco de Zurbarán Painter
37%
No matching quizzes found
Score Distribution
Percent of People with Each Score
Percentile by Number Answered
Your Score History
You have not taken this quiz